| 000 | 01114nam a2200337 i 4500 | ||
|---|---|---|---|
| 001 | 188834 | ||
| 003 | SpMaBN | ||
| 005 | 20231230210536.0 | ||
| 008 | 190218s2017 sp abh |||| |dspa d | ||
| 020 | _a978-84-943935-9-4 | ||
| 080 | _a908(44) | ||
| 080 | _a908(450) | ||
| 080 | _a908(494) | ||
| 080 | _a821.134.2-992"18" | ||
| 080 | _a929 Unamuno, Miguel de | ||
| 100 | 1 |
_aUnamuno, Miguel de, _d1864-1936 _9111982 |
|
| 245 | 1 | 0 |
_aApuntes de un viaje por Francia, Italia y Suiza / _cMiguel de Unamuno ; edición de Pollux Hernúñez. |
| 250 | _a1ª ed. | ||
| 260 |
_aParacuellos del Jarama, Madrid : _bOportet, _c2017. |
||
| 300 |
_a299 p. : _bil., 1 mapa ; _c22 cm. |
||
| 500 | _aEn cub.: "Inédito" | ||
| 500 | _aÍndice. | ||
| 600 | 1 | 7 |
_aUnamuno, Miguel de, _d1864-1936- _xViajes _9166353 |
| 651 | 7 |
_aFrancia- _xDescripción. _98676 |
|
| 651 |
_aItalia- _xDescripción. _98861 |
||
| 651 | 7 |
_aSuiza- _xDescripción. _99416 |
|
| 700 | 1 |
_aHernúñez, Pollux. _963123 |
|
| 852 |
_aES-MaACL _jA-14352 _9195968 _bR.151697 _cDEPO1 _dOlim: N-7352 |
||
| 942 |
_2udc _cMONOGRAFIA |
||
| 999 |
_c188834 _d188834 |
||